[Event "Donetsk Masters 1st"]
[Site "Donetsk"]
[Date "2011.03.04"]
[Round "10"]
[White "Romashko, Andrei"]
[Black "Iljin, Timofey"]
[Result "0-1"]
[WhiteElo "2319"]
[BlackElo "2473"]
[PlyCount "90"]
[EventDate "2011.02.25"]
[EventType "tourn (rapid)"]
[EventRounds "13"]
[EventCountry "UKR"]
[EventCategory "1"]
[SourceTitle "CBM 141 Extra"]
[Source "ChessBase"]
[SourceDate "2011.05.03"]
[SourceVersion "1"]
[SourceVersionDate "2011.05.03"]
[SourceQuality "1"]

1. e4 c5 2. Nf3 Nc6 3. d4 cxd4 4. Nxd4 Nf6 5. Nc3 d6 6. g3 g6 7. Bg2 Nxd4 8. Qxd4 Bg7 9. Bg5 0-0 10. Qd2 Be6 11. Bh6 Bxh6 12. Qxh6 Qb6 13. Rb1 Qxf2+ 14. Kxf2 Ng4+ 15. Ke2 Nxh6 16. e5 dxe5 17. Bxb7 Rad8 18. Rhe1 Ng4 19. h3 Nf6 20. Bg2 Nh5 21. Kf2 Rd2+ 22. Re2 Rfd8 23. b3 Rxe2+ 24. Nxe2 Rd2 25. Rc1 Nxg3 26. Kxg3 Rxe2 27. a4 Re3+ 28. Kf2 Rc3 29. b4 e4 30. b5 f5 31. a5 Ra3 32. a6 Bc4 33. Bf1 e3+ 34. Ke1 e2 35. Bg2 Bxb5 36. c4 Bxa6 37. Kxe2 Ra2+ 38. Kf1 Ra4 39. Bd5+ Kg7 40. Kg1 Kf6 41. c5 Rd4 42. Bg2 Rc4 43. Ra1 Bb5 44. c6 a6 45. Ra2 e6 0-1

[Event "Donetsk Masters 1st"]
[Site "Donetsk"]
[Date "2011.02.27"]
[Round "5"]
[White "Romashko, Andrei"]
[Black "Demkovich, Anatoliy"]
[Result "1/2-1/2"]
[WhiteElo "2319"]
[BlackElo "2404"]
[PlyCount "25"]
[EventDate "2011.02.25"]
[EventType "tourn (rapid)"]
[EventRounds "13"]
[EventCountry "UKR"]
[EventCategory "1"]
[SourceTitle "CBM 141 Extra"]
[Source "ChessBase"]
[SourceDate "2011.05.03"]
[SourceVersion "1"]
[SourceVersionDate "2011.05.03"]
[SourceQuality "1"]

1. e4 e5 2. Nf3 Nc6 3. Bc4 Nf6 4. d4 exd4 5. e5 d5 6. Bb5 Ne4 7. Nxd4 Bd7 8. Bxc6 bxc6 9. 0-0 Bc5 10. f3 Ng5 11. f4 Ne4 12. Be3 0-0 13. Nd2 1/2-1/2

[Event "Donetsk Masters 1st"]
[Site "Donetsk"]
[Date "2011.02.27"]
[Round "4"]
[White "Volovikov, Anton"]
[Black "Romashko, Andrei"]
[Result "1/2-1/2"]
[WhiteElo "2324"]
[BlackElo "2319"]
[PlyCount "71"]
[EventDate "2011.02.25"]
[EventType "tourn (rapid)"]
[EventRounds "13"]
[EventCountry "UKR"]
[EventCategory "1"]
[SourceTitle "CBM 141 Extra"]
[Source "ChessBase"]
[SourceDate "2011.05.03"]
[SourceVersion "1"]
[SourceVersionDate "2011.05.03"]
[SourceQuality "1"]

1. e4 e5 2. Bc4 Ne7 3. Qf3 d5 4. exd5 Bf5 5. Qb3 Bg6 6. Qxb7 Nd7 7. Bb5 Rb8 8. Bxd7+ Kxd7 9. Qxa7 Nxd5 10. Nf3 Bd6 11. Qa4+ Ke7 12. d4 Nb4 13. Na3 Ra8 14. Qb5 Rxa3 15. bxa3 Nxc2+ 16. Kf1 exd4 17. Bb2 Qb8 18. Qb3 Nxa1 19. Bxa1 c5 20. Ke2 Qa8 21. Re1 Rb8 22. Kf1+ Kf8 23. Qc4 Qxa3 24. Qd5 Qa6+ 25. Kg1 f6 26. Nd2 Rd8 27. g3 Qa5 28. Rd1 Bc2 29. Nc4 Qxa2 30. Rc1 Bb3 31. Bxd4 Be7 32. Qb7 Rxd4 33. Re1 Bd8 34. Qc6 Be7 35. Qb7 Bd8 36. Qc6 1/2-1/2

[Event "UKR-chT 17th"]
[Site "Alushta"]
[Date "2010.05.15"]
[Round "4.3"]
[White "Ivanov, Oleg V"]
[Black "Romashko, Andrei"]
[Result "1-0"]
[WhiteElo "2491"]
[BlackElo "2328"]
[PlyCount "49"]
[EventDate "2010.05.13"]
[EventType "team-tourn"]
[EventRounds "11"]
[EventCountry "UKR"]
[SourceTitle "EXT 2019"]
[Source "ChessBase"]
[SourceDate "2018.10.10"]
[SourceVersion "1"]
[SourceVersionDate "2018.10.10"]
[SourceQuality "1"]
[WhiteTeam "Rivne Bisons"]
[BlackTeam "Donetsk Adel"]
[WhiteTeamCountry "UKR"]
[BlackTeamCountry "UKR"]

1. e4 e5 2. Nf3 d6 3. d4 exd4 4. Nxd4 Nf6 5. Nc3 g6 6. Bg5 Bg7 7. Qd2 0-0 8. 0-0-0 Re8 9. f3 Nc6 10. Nxc6 bxc6 11. Bc4 Qe7 12. Bb3 Be6 13. Ba4 Bd7 14. h4 Rab8 15. h5 d5 16. hxg6 hxg6 17. Bb3 Qb4 18. Rh4 Qa5 19. Bh6 Bh8 20. Rdh1 Be6 21. e5 Nd7 22. Bf8 Kxf8 23. Rxh8+ Ke7 24. Nxd5+ cxd5 25. Rxe8+ 1-0

[Event "UKR-chT 17th"]
[Site "Alushta"]
[Date "2010.05.14"]
[Round "3.2"]
[White "Romashko, Andrei"]
[Black "Aveskulov, Valeriy"]
[Result "1/2-1/2"]
[WhiteElo "2328"]
[BlackElo "2534"]
[PlyCount "103"]
[EventDate "2010.05.13"]
[EventType "team-tourn"]
[EventRounds "11"]
[EventCountry "UKR"]
[SourceTitle "EXT 2019"]
[Source "ChessBase"]
[SourceDate "2018.10.10"]
[SourceVersion "1"]
[SourceVersionDate "2018.10.10"]
[SourceQuality "1"]
[WhiteTeam "Donetsk Adel"]
[BlackTeam "Kharkov Law Academy"]
[WhiteTeamCountry "UKR"]
[BlackTeamCountry "UKR"]

1. e4 c5 2. Nf3 d6 3. d4 Nf6 4. Nc3 cxd4 5. Nxd4 a6 6. g3 e5 7. Nb3 Be7 8. Bg2 0-0 9. 0-0 b5 10. Bd2 Nbd7 11. a4 b4 12. Nd5 Nxd5 13. exd5 a5 14. c3 bxc3 15. Bxc3 Qb6 16. Ra3 Bd8 17. Qd2 Qa7 18. Kh1 Bb6 19. f4 Ba6 20. Re1 Bc4 21. fxe5 dxe5 22. d6 Rfe8 23. h3 Re6 24. Nxa5 Bxa5 25. Bxa5 Qxa5 26. Qxa5 Rxa5 27. Rc1 e4 28. Rxc4 f5 29. b4 Rd5 30. Rc1 Rexd6 31. a5 Rd1+ 32. Rxd1 Rxd1+ 33. Kh2 Rb1 34. a6 Rxb4 35. a7 Nb6 36. Ra6 Na8 37. Rc6 Kf7 38. Rc8 Nb6 39. Rb8 Ra4 40. Rb7+ Kf8 41. g4 fxg4 42. hxg4 e3 43. Kg3 Nc8 44. Rb8 Rxa7 45. Rxc8+ Kf7 46. Bf3 g6 47. Kf4 Kg7 48. Rc5 Re7 49. Re5 Rxe5 50. Kxe5 e2 51. Bxe2 g5 52. Kf5 1/2-1/2

[Event "UKR-ch U20"]
[Site "Lugansk"]
[Date "2009.04.10"]
[Round "9"]
[White "Romashko, Andrei"]
[Black "Shagbazyan, Taron"]
[Result "1-0"]
[WhiteElo "2266"]
[BlackElo "2216"]
[PlyCount "77"]
[EventDate "2009.04.02"]
[EventType "tourn"]
[EventRounds "11"]
[EventCountry "UKR"]
[SourceTitle "CBM 129 Extra"]
[Source "ChessBase"]
[SourceDate "2009.05.05"]
[SourceVersion "2"]
[SourceVersionDate "2009.05.20"]
[SourceQuality "1"]

1. e4 c5 2. Nf3 d6 3. d4 cxd4 4. Nxd4 Nf6 5. f3 e5 6. Bb5+ Nbd7 7. Nf5 d5 8. exd5 a6 9. Ba4 b5 10. Bb3 Nc5 11. Ne3 Bd6 12. Nc3 0-0 13. Qe2 Nh5 14. g3 f5 15. Nf1 Bd7 16. Be3 Rc8 17. Bxc5 Rxc5 18. a3 a5 19. a4 b4 20. Nb5 Bxb5 21. axb5 Nf6 22. Ne3 f4 23. Nc4 Nh5 24. g4 Nf6 25. Nxa5 e4 26. Nb7 Qb6 27. Nxc5 Qxc5 28. g5 Nd7 29. Qxe4 Ne5 30. Kf1 Ng6 31. h4 Ne7 32. Kg2 Nf5 33. Ra6 Qxb5 34. Bc4 Qb8 35. Bd3 Be5 36. Re1 Ne3+ 37. Rxe3 fxe3 38. Qxh7+ Kf7 39. Re6 1-0

[Event "UKR-ch U20"]
[Site "Lugansk"]
[Date "2009.04.06"]
[Round "5"]
[White "Romashko, Andrei"]
[Black "Burdalev, Kirill"]
[Result "1-0"]
[WhiteElo "2266"]
[BlackElo "2217"]
[PlyCount "123"]
[EventDate "2009.04.02"]
[EventType "tourn"]
[EventRounds "11"]
[EventCountry "UKR"]
[SourceTitle "CBM 129 Extra"]
[Source "ChessBase"]
[SourceDate "2009.05.05"]
[SourceVersion "2"]
[SourceVersionDate "2009.05.20"]
[SourceQuality "1"]

1. e4 e6 2. d4 d5 3. Nc3 Bb4 4. e5 Ne7 5. Bd2 b6 6. Qg4 Nf5 7. Bd3 h5 8. Qf4 Qd7 9. Nf3 Ba6 10. Bxf5 exf5 11. 0-0-0 Nc6 12. Qg5 Kf8 13. Rde1 Re8 14. h3 Be7 15. Qf4 Kg8 16. Rhg1 Bc8 17. Nd1 Qd8 18. Qe3 Be6 19. Nh2 g5 20. Nf3 f4 21. Qc3 Nb4 22. Qb3 a5 23. a3 Nc6 24. g3 Kf8 25. gxf4 g4 26. Qe3 Bf5 27. Nh2 Qd7 28. Nc3 Qe6 29. hxg4 hxg4 30. Rg2 Nb4 31. axb4 axb4 32. Nb1 Rh3 33. f3 Qc6 34. Qb3 gxf3 35. Nxf3 Rxf3 36. Be3 Qe6 37. Rh1 Rh3 38. Rxh3 Bxh3 39. Rg1 Bf5 40. Bd2 c5 41. Rh1 Kg8 42. Qg3+ Qg6 43. Qf2 Bg4 44. f5 Qxf5 45. Qh2 f6 46. e6 Bh3 47. Qg3+ Bg4 48. Qh4 Bh5 49. Qxh5 Qxh5 50. Rxh5 cxd4 51. Rxd5 Bc5 52. Bf4 Rxe6 53. Kd2 Kf7 54. Kd3 Rc6 55. Nd2 Ke6 56. Rh5 Rc8 57. Nb3 Rc6 58. Bh2 f5 59. Rh6+ Kd5 60. Rxc6 Kxc6 61. Nxd4+ Kd5 62. Nxf5 1-0

[Event "UKR-ch U20"]
[Site "Lugansk"]
[Date "2009.04.05"]
[Round "4"]
[White "Kutsykh, Mikle"]
[Black "Romashko, Andrei"]
[Result "0-1"]
[WhiteElo "2299"]
[BlackElo "2266"]
[PlyCount "98"]
[EventDate "2009.04.02"]
[EventType "tourn"]
[EventRounds "11"]
[EventCountry "UKR"]
[SourceTitle "CBM 129 Extra"]
[Source "ChessBase"]
[SourceDate "2009.05.05"]
[SourceVersion "2"]
[SourceVersionDate "2009.05.20"]
[SourceQuality "1"]

1. d4 d5 2. c4 c6 3. Nf3 e6 4. Qc2 Nf6 5. Nc3 Nbd7 6. e3 Bd6 7. b3 0-0 8. Be2 b6 9. Bb2 Bb7 10. 0-0 Rc8 11. e4 e5 12. exd5 cxd5 13. Nb5 Bb8 14. dxe5 Ne4 15. Rad1 Re8 16. Bd3 a6 17. Nd6 Nxe5 18. Bxe5 Bxd6 19. Bxd6 Nxd6 20. Bxh7+ Kh8 21. Bf5 Rc5 22. Rd4 dxc4 23. Bg4 Qf6 24. Qd1 c3 25. Rxd6 c2 26. Rxf6 cxd1Q 27. Rxd1 gxf6 28. h3 Rd5 29. Rc1 f5 30. Bh5 Re7 31. Kh2 Kg7 32. Nh4 Kf6 33. g4 fxg4 34. hxg4 Rd2 35. Kg3 Be4 36. Rc4 b5 37. Rc5 Rxa2 38. f3 Rc2 39. g5+ Kg7 40. Nf5+ Bxf5 41. Rxf5 Rc3 42. Rf6 Ra7 43. b4 Rc4 44. f4 Rxb4 45. Bf3 a5 46. f5 Rc7 47. Rh6 Rc3 48. f6+ Kg8 49. Rh3 Rxf3+ 0-1

[Event "UKR-ch U20"]
[Site "Lugansk"]
[Date "2009.04.02"]
[Round "1"]
[White "Romashko, Andrei"]
[Black "Kharchenko, Boris"]
[Result "0-1"]
[WhiteElo "2266"]
[BlackElo "2474"]
[PlyCount "60"]
[EventDate "2009.04.02"]
[EventType "tourn"]
[EventRounds "11"]
[EventCountry "UKR"]
[SourceTitle "CBM 129 Extra"]
[Source "ChessBase"]
[SourceDate "2009.05.05"]
[SourceVersion "2"]
[SourceVersionDate "2009.05.20"]
[SourceQuality "1"]

1. e4 e5 2. Nf3 Nc6 3. Bb5 a6 4. Ba4 Nf6 5. Qe2 b5 6. Bb3 Bc5 7. 0-0 0-0 8. c3 d5 9. d3 Qd6 10. a4 Na5 11. Bc2 dxe4 12. dxe4 b4 13. cxb4 Bxb4 14. Nc3 Bb7 15. Rd1 Qe7 16. Bg5 Bxc3 17. bxc3 Qe6 18. Rab1 Nd7 19. Nh4 f6 20. Bc1 g6 21. Ba3 c5 22. Rd3 Bc6 23. Rbd1 Qa2 24. Bc1 Rf7 25. Qd2 Nc4 26. Qe2 Bxa4 27. Rd5 Qxc2 28. Qxc4 Bb3 29. Qf1 Bxd5 30. Rxd5 Qxe4 0-1

[Event "UKR-ch sf U20"]
[Site "Lvov"]
[Date "2008.12.07"]
[Round "6"]
[White "Romashko, Andrei"]
[Black "Abbakumov, Yehor"]
[Result "1-0"]
[WhiteElo "2264"]
[BlackElo "1968"]
[PlyCount "53"]
[EventDate "2008.12.02"]
[EventType "swiss"]
[EventRounds "9"]
[EventCountry "UKR"]
[SourceTitle "EXT 2010"]
[Source "ChessBase"]
[SourceDate "2010.11.25"]
[SourceVersion "1"]
[SourceVersionDate "2010.11.25"]
[SourceQuality "1"]

1. e4 e6 2. d4 d5 3. Nc3 Bb4 4. Bd2 c5 5. a3 Bxc3 6. Bxc3 c4 7. e5 Nc6 8. f4 f5 9. Nf3 Bd7 10. h3 Qe7 11. b4 b5 12. Qd2 a6 13. Be2 Nh6 14. Kf2 Kd8 15. Rhg1 Kc7 16. g4 Rhf8 17. Qe3 Nd8 18. Rg3 Be8 19. Kg2 Kb8 20. Ng5 Bg6 21. Qd2 Ndf7 22. Nxf7 Rxf7 23. Bf3 Qf8 24. g5 Ng8 25. a4 bxa4 26. Rxa4 Rb7 27. Kh2 1-0

[Event "UKR-ch sf U20"]
[Site "Lvov"]
[Date "2008.12.06"]
[Round "5"]
[White "Grinev, Valeriy"]
[Black "Romashko, Andrei"]
[Result "1-0"]
[WhiteElo "2344"]
[BlackElo "2264"]
[PlyCount "87"]
[EventDate "2008.12.02"]
[EventType "swiss"]
[EventRounds "9"]
[EventCountry "UKR"]
[SourceTitle "EXT 2010"]
[Source "ChessBase"]
[SourceDate "2010.11.25"]
[SourceVersion "1"]
[SourceVersionDate "2010.11.25"]
[SourceQuality "1"]

1. d4 d5 2. c4 c6 3. Nf3 Nf6 4. Nc3 dxc4 5. a4 Bf5 6. Ne5 Nbd7 7. Nxc4 Nb6 8. Ne5 Nbd5 9. f3 Nb4 10. e4 Bg6 11. Be3 e6 12. a5 Nd7 13. Nd3 Rc8 14. Be2 Nxd3+ 15. Bxd3 Bb4 16. a6 b6 17. 0-0 0-0 18. Be2 f6 19. Qb3 Qe7 20. Rfd1 Bf7 21. Kh1 Rfd8 22. Rd2 c5 23. d5 Bxc3 24. d6 Qf8 25. bxc3 Nb8 26. Rad1 Rc6 27. e5 fxe5 28. d7 Qe7 29. Bb5 Rc7 30. Qa4 Bg6 31. Qg4 Rcxd7 32. Bxd7 Rxd7 33. Bg5 Qf7 34. Qa4 Rxd2 35. Rxd2 h6 36. Rd8+ Kh7 37. Rxb8 hxg5 38. Rb7 Qf6 39. Rxa7 e4 40. Qd1 e3 41. Qe1 Qd8 42. Qxe3 Qd1+ 43. Qg1 Qa4 44. h3 1-0

[Event "UKR-ch sf U20"]
[Site "Lvov"]
[Date "2008.12.03"]
[Round "2"]
[White "Kotovskyy, Dmytro"]
[Black "Romashko, Andrei"]
[Result "0-1"]
[WhiteElo "1955"]
[BlackElo "2264"]
[PlyCount "52"]
[EventDate "2008.12.02"]
[EventType "swiss"]
[EventRounds "9"]
[EventCountry "UKR"]
[SourceTitle "EXT 2010"]
[Source "ChessBase"]
[SourceDate "2010.11.25"]
[SourceVersion "1"]
[SourceVersionDate "2010.11.25"]
[SourceQuality "1"]

1. e4 e5 2. Nf3 d6 3. Bc4 Nf6 4. Ng5 d5 5. exd5 h6 6. Nf3 e4 7. Ne5 Qe7 8. d4 exd3 9. f4 Nbd7 10. 0-0 Nxe5 11. fxe5 Qc5+ 12. Kh1 Qxc4 13. Nd2 dxc2 14. Qe1 Qxd5 15. exf6+ Be6 16. Ne4 0-0-0 17. Bf4 g5 18. Bg3 h5 19. Nc3 Qc6 20. Qf2 h4 21. Be5 h3 22. Rac1 Qxg2+ 23. Qxg2 hxg2+ 24. Kxg2 Bh3+ 25. Kf2 Bc5+ 26. Ke2 Rhe8 0-1

[Event "Moscow op-B 04th"]
[Site "Moscow"]
[Date "2008.02.09"]
[Round "8"]
[White "Romashko, Andrei"]
[Black "Grigorian, Sergey"]
[Result "1-0"]
[WhiteElo "2278"]
[BlackElo "2133"]
[PlyCount "47"]
[EventDate "2008.02.02"]
[EventType "swiss"]
[EventRounds "9"]
[EventCountry "RUS"]
[SourceTitle "CBM 122 Extra"]
[Source "ChessBase"]
[SourceDate "2008.03.04"]
[SourceVersion "1"]
[SourceVersionDate "2008.03.04"]
[SourceQuality "1"]

1. e4 c6 2. d4 d5 3. e5 Bf5 4. Nd2 e6 5. Nb3 Nd7 6. Nf3 f6 7. Bd3 Bxd3 8. Qxd3 fxe5 9. Nxe5 Nxe5 10. dxe5 Qc7 11. 0-0 0-0-0 12. c4 c5 13. Qh3 Qxe5 14. cxd5 Rxd5 15. Be3 Nf6 16. Rad1 Bd6 17. g3 g5 18. Rxd5 Nxd5 19. Bxc5 Bc7 20. Bd4 Qe4 21. Bxh8 g4 22. Qg2 Qg6 23. Re1 h5 24. Qe4 1-0

[Event "Kiev Independence Cup-A 7th"]
[Site "Kiev"]
[Date "2007.08.23"]
[Round "11"]
[White "Bykov, Alexey"]
[Black "Romashko, Andrei"]
[Result "1-0"]
[WhiteElo "2250"]
[BlackElo "2231"]
[PlyCount "79"]
[EventDate "2007.08.13"]
[EventType "swiss"]
[EventRounds "11"]
[EventCountry "UKR"]
[SourceTitle "CBM 119 Extra"]
[Source "ChessBase"]
[SourceDate "2007.09.04"]
[SourceVersion "1"]
[SourceVersionDate "2007.09.04"]
[SourceQuality "1"]

1. d4 d5 2. Nf3 c6 3. Bf4 Nf6 4. e3 e6 5. Bd3 Be7 6. c4 0-0 7. Nc3 Nbd7 8. Qc2 dxc4 9. Bxc4 Nb6 10. Be2 Nbd5 11. Bg3 h6 12. 0-0 Nh5 13. Be5 f5 14. Kh1 Bd7 15. Rg1 Nhf6 16. h3 h5 17. Nh2 Be8 18. g4 hxg4 19. hxg4 Ne4 20. Nxe4 fxe4 21. Qxe4 Rxf2 22. Bd3 g6 23. Raf1 Rxf1 24. Rxf1 c5 25. Rf3 Bd6 26. Bxd6 Qxd6 27. dxc5 Qe7 28. Bc4 Nc7 29. Qe5 Rd8 30. Rf6 Rd1+ 31. Kg2 Rd2+ 32. Kg3 Kh7 33. Nf3 Rd1 34. Ng5+ Kh6 35. Nxe6 Rg1+ 36. Kh3 Nxe6 37. Rxe6 Rh1+ 38. Kg2 Bc6+ 39. e4 Qh4 40. g5+ 1-0

[Event "Kiev Independence Cup-A 7th"]
[Site "Kiev"]
[Date "2007.08.14"]
[Round "2"]
[White "Romashko, Andrei"]
[Black "Zakharchenko, Arnold"]
[Result "1-0"]
[WhiteElo "2231"]
[BlackElo "2289"]
[PlyCount "37"]
[EventDate "2007.08.13"]
[EventType "swiss"]
[EventRounds "11"]
[EventCountry "UKR"]
[SourceTitle "CBM 119 Extra"]
[Source "ChessBase"]
[SourceDate "2007.09.04"]
[SourceVersion "1"]
[SourceVersionDate "2007.09.04"]
[SourceQuality "1"]

1. e4 c5 2. Nf3 Nc6 3. d4 cxd4 4. Nxd4 Nf6 5. Nc3 d6 6. g3 g6 7. Bg2 Bg7 8. Nxc6 bxc6 9. e5 Nd5 10. Nxd5 cxd5 11. Qxd5 Rb8 12. exd6 0-0 13. 0-0 Bxb2 14. Bxb2 Rxb2 15. Qe5 Qb6 16. dxe7 Re8 17. c4 Be6 18. c5 Qb8 19. Qd6 1-0

[Event "UKR-ch U18"]
[Site "Donetsk"]
[Date "2007.02.20"]
[Round "5"]
[White "Romashko, Andrei"]
[Black "Kharchenko, Boris"]
[Result "1/2-1/2"]
[WhiteElo "2177"]
[BlackElo "2436"]
[PlyCount "60"]
[EventDate "2007.02.15"]
[EventType "tourn"]
[EventRounds "11"]
[EventCountry "UKR"]
[SourceTitle "CBM 117 Extra"]
[Source "ChessBase"]
[SourceDate "2007.05.09"]
[SourceVersion "1"]
[SourceVersionDate "2007.05.09"]
[SourceQuality "1"]

1. e4 e5 2. Nf3 Nc6 3. Bc4 Nf6 4. 0-0 Nxe4 5. Bd5 Nf6 6. Bxc6 dxc6 7. Nxe5 Bd6 8. d4 0-0 9. Nc3 Bf5 10. Bg5 h6 11. Bh4 Be7 12. Re1 Re8 13. Rc1 c5 14. dxc5 Qxd1 15. Rexd1 g5 16. Bg3 Bxc5 17. Nd5 Nxd5 18. Rxd5 Bb6 19. Nd7 Bxd7 20. Rxd7 Rad8 21. Rxd8 Rxd8 22. Kf1 f5 23. f3 Be3 24. Re1 f4 25. Bf2 Bxf2 26. Kxf2 Kf7 27. Re4 Rd2+ 28. Re2 Rd1 29. Re4 Rb1 30. b3 Rd1 1/2-1/2

[Event "UKR-ch sf U18"]
[Site "Kharkov"]
[Date "2006.12.09"]
[Round "8"]
[White "Kosikov, Andrey"]
[Black "Romashko, Andrei"]
[Result "1/2-1/2"]
[WhiteElo "2156"]
[BlackElo "2127"]
[PlyCount "104"]
[EventDate "2006.12.02"]
[EventType "swiss"]
[EventRounds "9"]
[EventCountry "UKR"]
[SourceTitle "EXT 2023"]
[Source "ChessBase"]
[SourceDate "2022.10.05"]
[SourceVersion "1"]
[SourceVersionDate "2022.10.05"]
[SourceQuality "1"]

1. Nf3 d5 2. d4 c6 3. e3 Bg4 4. c4 Nf6 5. Qb3 Qc7 6. Ne5 e6 7. Nxg4 Nxg4 8. Be2 Nf6 9. Nc3 Nbd7 10. Bd2 Bd6 11. Rc1 Qb6 12. Qc2 dxc4 13. Bxc4 0-0 14. 0-0 e5 15. d5 Rac8 16. Qb1 cxd5 17. Nxd5 Nxd5 18. Bxd5 Nf6 19. Bb3 e4 20. g3 Be5 21. Rxc8 Rxc8 22. Rc1 Qd8 23. Kg2 g6 24. h3 h5 25. Bc3 Bxc3 26. Rxc3 Rxc3 27. bxc3 Qd2 28. Qc2 Qxc2 29. Bxc2 b5 30. Bb3 Nd7 31. Bd5 Nc5 32. a3 Na4 33. Bxe4 Nxc3 34. Bc2 a5 35. Kf3 f5 36. Kf4 Kg7 37. Ke5 b4 38. axb4 axb4 39. Kd4 Ne2+ 40. Kc4 Ng1 41. h4 Nh3 42. f3 Nf2 43. Kxb4 Nh1 44. Kc4 Nxg3 45. Kd4 g5 46. hxg5 h4 47. f4 h3 48. Bd1 h2 49. Bf3 h1Q 50. Bxh1 Nxh1 51. e4 fxe4 52. Kxe4 Ng3+ 1/2-1/2

[Event "UKR-ch sf U18"]
[Site "Kharkov"]
[Date "2006.12.08"]
[Round "7"]
[White "Romashko, Andrei"]
[Black "Polyakov, Maxim"]
[Result "1/2-1/2"]
[WhiteElo "2127"]
[BlackElo "2281"]
[PlyCount "152"]
[EventDate "2006.12.02"]
[EventType "swiss"]
[EventRounds "9"]
[EventCountry "UKR"]
[SourceTitle "EXT 2023"]
[Source "ChessBase"]
[SourceDate "2022.10.05"]
[SourceVersion "1"]
[SourceVersionDate "2022.10.05"]
[SourceQuality "1"]

1. e4 c5 2. Nf3 d6 3. d4 cxd4 4. Nxd4 Nf6 5. Nc3 Nc6 6. g3 e5 7. Nb3 Be7 8. Bg2 a6 9. a4 Nb4 10. 0-0 Be6 11. Nd5 Nfxd5 12. exd5 Bf5 13. c3 Bc2 14. Qg4 Nd3 15. Qe2 Bxb3 16. Qxd3 Rc8 17. Re1 0-0 18. Re4 b5 19. axb5 a5 20. g4 g6 21. Bh6 Re8 22. c4 a4 23. Bf1 Bg5 24. Bxg5 Qxg5 25. Kh1 f5 26. gxf5 gxf5 27. Re3 Rxc4 28. Bg2 Kh8 29. Rg3 Qf6 30. Qf3 Rh4 31. Qc3 Rf8 32. b6 Rc4 33. Qa5 Rc5 34. Qa7 Qf7 35. b7 Rb5 36. Qa6 Rxb7 37. Qxd6 Re7 38. Qc5 Rd7 39. d6 Qf6 40. Rd3 Rfd8 41. Bh3 Rxd6 42. Rxd6 Qxd6 43. Qxd6 Rxd6 44. Bxf5 Rd2 45. Kg1 Kg7 46. Be4 Kf6 47. Bc6 Rd4 48. Rc1 Rd2 49. Ra1 Rd6 50. Bb5 e4 51. Kf1 Rb6 52. Bd7 Ke5 53. Ra3 Rb4 54. Kg2 Kf4 55. Bc6 Bd1 56. Kg1 Rc4 57. Ra1 Bc2 58. Bb5 Rb4 59. Bc6 Bb3 60. Kg2 Rd4 61. Ra3 h6 62. Be8 Bd1 63. Ra1 Bc2 64. Ra3 Bb3 65. Bc6 Ke5 66. Be8 Kd6 67. Kg3 Ke5 68. Kg2 Rb4 69. Bc6 Kd4 70. Kg3 Ke5 71. Be8 Rd4 72. Bb5 Bd1 73. Ra1 Rb4 74. Rxd1 Rxb5 75. Rd2 Rb3+ 76. Kg2 a3 1/2-1/2

[Event "Rodatychi op"]
[Site "Rodatychi"]
[Date "2006.08.27"]
[Round "1"]
[White "Romashko, Andrei"]
[Black "Vovk, Yuri"]
[Result "1/2-1/2"]
[WhiteElo "2127"]
[BlackElo "2441"]
[PlyCount "116"]
[EventDate "2006.08.27"]
[EventType "swiss"]
[EventRounds "9"]
[EventCountry "UKR"]
[SourceTitle "EXT 2008"]
[Source "ChessBase"]
[SourceDate "2007.11.25"]
[SourceVersion "1"]
[SourceVersionDate "2007.11.25"]
[SourceQuality "1"]

1. e4 c5 2. Nf3 e6 3. d4 cxd4 4. Nxd4 a6 5. g3 Nf6 6. Bg2 Qc7 7. 0-0 Nc6 8. Nc3 Be7 9. Re1 0-0 10. Be3 d6 11. Nxc6 bxc6 12. Na4 Rb8 13. c4 c5 14. b3 Bd7 15. Nc3 Bc6 16. f4 Rfd8 17. g4 Qb7 18. Bf2 g6 19. g5 Nh5 20. Qg4 Re8 21. Rad1 Bf8 22. Re3 Bg7 23. Ne2 Rbd8 24. Bf3 f5 25. exf5 exf5 26. Bxc6 Qxc6 27. Qg2 Re4 28. Rxe4 fxe4 29. Rd5 Re8 30. Be3 Qc7 31. Qg4 Qa5 32. Rxd6 Qxa2 33. Bxc5 Bf8 34. Rd5 Qxb3 35. Bxf8 Kxf8 36. Rd7 Qxc4 37. Rxh7 Kg8 38. Rh6 Qf7 39. f5 e3 40. Rxg6+ Ng7 41. Qd4 Kh7 42. Rh6+ Kg8 43. Rf6 Qa2 44. Qd3 Rb8 45. Rxa6 Qb1+ 46. Qxb1 Rxb1+ 47. Kg2 Nxf5 48. Rf6 Rb5 49. Kf3 Kg7 50. Ke4 Ne7 51. h4 Rb4+ 52. Kd3 Rxh4 53. Nf4 Nc6 54. Rxc6 Rxf4 55. Kxe3 Rf5 56. g6 Rf6 57. Rxf6 Kxf6 58. g7 Kxg7 1/2-1/2